Essential atlas of physiology. (رقم التسجيلة. 31525)

تفاصيل مارك
000 -الفاتح
حقل البيانات ثابتة الطول 01170cam a22003377a 4500
001 - رقم الضبط
رقم الضبط 13663209
003 - محدد رقم الضبط
رقم الضبط OSt
005 - وقت وتاريخ اخر تعامل مع التسجيلة
رقم الضبط 20150408114145.0
008 - عناصر البيانات ثابتة الطول - معلومات عامة
حقل البيانات ثابتة الطول 040723s2005 nyua 001 0 eng d
010 ## - رقم ضبط مكتبة الكونجرس
رقم ضبط مكتبة الكونجرس 2004110792
020 ## - الرقم الدولى المعيارى للكتب
الرقم الدولى المعيارى للكتاب 0764130935 (pbk.)
035 ## - رقم ضبط النظام
رقم ضبط النظام (OCoLC)ocm59555189
040 ## - مصدر الفهرسة
وكالة الفهرسة الأصلية JJG
وكالة النسخ JJG
وكالة التعديل DPL
-- OCL
-- DLC
041 1# - رمز اللغة
رمز لغة النص/ المسارات الصوتية أو العنوان الانفرادي eng
رمز لغة الترجمات و/او الاصلية المتوسطة للنص spa
042 ## - رمز التحقق
رمز التحقق lccopycat
050 00 - رقم طلب مكتبة الكونجرس
رقم التصنيف QP35
رقم المادة .A8413 2005
082 04 - رقم تصنيف ديوى العشرى
رقم التصنيف 611
رقم الطبعة 22
رقم المادة ESA
240 10 - العنوان الموحد
عنوان موحد <a href="Atlas basico de fisiologia.">Atlas basico de fisiologia.</a>
لغة العمل English
245 00 - بيان العنوان
العنوان Essential atlas of physiology.
246 3# - العنوان الموازى
عنوان صحيح/عنوان مختصر Barron's essential atlas of physiology
260 ## - PUBLICATION, DISTRIBUTION, ETC. (IMPRINT)
مكان الناشر او الموزع New York :
اسم الناشر او الموزع Barron's Educational Series,
تاريخ النشر أو التوزيع 2005.
300 ## - الوصف المادى
التعداد 96 p. :
تفاصيل ماديه اخرى للوعاء col. ill. ;
أبعاد الوعاء 28 cm.
504 ## - تبصرة ببليوجرافية
تبصرة ببليوجرافية,الخ Includes index.
546 ## - تبصرة اللغة
تبصرة اللغة Translation of: Atlas basico de fisiologia.
650 #0 - المدخل الاضافى بالموضوع-مصطلح موضوعى
مصطلح موضوعي أو اسم جغرافي كعنصر مدخل Human physiology
التقسيم الفرعي الشكلي Handbooks, manuals, etc.
9 (RLIN) 38450
650 #0 - المدخل الاضافى بالموضوع-مصطلح موضوعى
مصطلح موضوعي أو اسم جغرافي كعنصر مدخل Human physiology
التقسيم الفرعي الشكلي Atlases.
9 (RLIN) 19558
856 42 - الوصول و الموقع الالكترونى
مواد محددة Publisher description
معرف المصدر الموحد <a href="http://www.loc.gov/catdir/enhancements/fy0619/2004110792-d.html">http://www.loc.gov/catdir/enhancements/fy0619/2004110792-d.html</a>
906 ## - عنصر بيانات محلى F, LDF (RLIN)
a 7
b cbc
c copycat
d 2
e epcn
f 20
g y-gencatlg
942 ## - عناصر المدخل الإضافي( كوها)
مصدر التصنيف او مخطط الترفيف Dewey Decimal Classification
Koha [default] item type DVD
المقتنيات
حالة الفقد نموذج السعر الفعال حالة تلف ليس للاعارة رقم الطلب تاريخ الاكتساب الموقع الحالي الباركود الفرع الرئيسي Date last checked out Date last seen نوع المادة فى نظام كوها مصدر التصنيف او خطة الترفيف Total Checkouts
  2013-10-28     611 ESA 2013-10-28 المكتبة المركزية بالمجمعة (CL) 00402368 المكتبة المركزية بالمجمعة (CL) 2019-10-09 2021-03-01 كتاب Dewey Decimal Classification 1
  2013-10-28     611 ESA 2013-10-28 المكتبة المركزية بالمجمعة (CL) 00402369 المكتبة المركزية بالمجمعة (CL)   2013-10-28 كتاب Dewey Decimal Classification  
  2013-10-28     611 ESA 2013-10-28 المكتبة المركزية بالمجمعة (CL) 00402370 المكتبة المركزية بالمجمعة (CL)   2013-10-28 كتاب Dewey Decimal Classification  
  2013-10-28     611 ESA 2013-10-28 مكتبة كلية العلوم الطبية التطبيقية بالمجمعة - طالبات (AMF) 00402371 مكتبة كلية العلوم الطبية التطبيقية بالمجمعة - طالبات (AMF)   2013-10-28 كتاب Dewey Decimal Classification  
  2013-10-28     611 ESA 2013-10-28 مكتبة كلية العلوم الطبية التطبيقية بالمجمعة - طالبات (AMF) 00402372 مكتبة كلية العلوم الطبية التطبيقية بالمجمعة - طالبات (AMF)   2013-10-28 كتاب Dewey Decimal Classification